Expectativas latinoamericanas respecto a los Estados Unidos y el ALCA /
保存先:
| 第一著者: | |
|---|---|
| フォーマット: | テキスト |
| 主題: | |
| タグ: |
タグ追加
タグなし, このレコードへの初めてのタグを付けませんか!
|
MARC
| LEADER | 00000 a a2200000 04500 | ||
|---|---|---|---|
| 001 | 3835 | ||
| 003 | |||
| 040 | |||
| 100 | |a Castro, Jorge | ||
| 245 | |a Expectativas latinoamericanas respecto a los Estados Unidos y el ALCA / |c Jorge Castro | ||
| 650 | |a INTEGRACION ECONOMICA | ||
| 650 | |a MERCOSUR | ||
| 773 | |g volumen 18, 3(71); páginas 75-82 | ||
| 999 | |c 22916 |d 22916 | ||
